[Event "Turnier 40 / 120"]
[Site "Wien"]
[Date "2022.05.30"]
[Round "32"]
[White "Mephisto Lyon 68020 - 12 MHZ"]
[Black "Mephisto Magellan SH7034 - 20 MHZ"]
[Result "1/2-1/2"]
[BlackElo "2231"]
[WhiteElo "2180"]

{Analyse ------> Komodo 12.1.1.} 1. e4 c5 2. Nf3 Nc6 3. Bb5 e6 {Buchende}
4. Nc3 Nge7 {Buchbewertung Mephisto Magellan: -0,3} 5. O-O a6 6. Be2
{Buchbewertung Mephisto Lyon 68020: +0,12 / lt. Komodo 12.1.1. ist die
Stellung ausgeglichen} d5 7. exd5 Nxd5 8. Nxd5 exd5 9. d4 cxd4 10. Nxd4 Bd6
11. Be3 Nxd4 12. Qxd4 O-O 13. c4 Qc7 14. h3 dxc4 15. Bxc4 Bh2+ 16. Kh1 Be5
17. Qc5 Qxc5 18. Bxc5 Re8 19. Bd5 Rb8 20. Ba7 Ra8 21. Bc5 Rb8 22. Ba7 Ra8
23. Bc5 {Stellungswiederholung} 1/2-1/2
[/pgn]

[pgn]

[Event "Turnier 40 / 120"]
[Site "Wien"]
[Date "2022.05.31"]
[Round "33"]
[White "Mephisto Magellan - SH7034 - 20 MHZ"]
[Black "Mephisto Lyon 68020 - 12 MHZ"]
[Result "1-0"]
[BlackElo "2180"]
[WhiteElo "2231"]

{Analyse -----> Komodo 13.02} 1. d4 d5 2. Nf3 Nf6 3. Bg5 Ne4 4. Bf4
{Buchende} Bf5 5. Nbd2 {Buchbewertung Mephisto Magellan: 0,0} c6 6. e3 e6
7. Nxe4 Bxe4 8. Nd2 Bg6 9. Be2 Bd6 {Buchende} 10. Bxd6 Qxd6 {Buchbewertung
Mephisto Lyon 68020: -0,15 lt. Komodo 13.02. ist die Stellung ausgeglichen}
11. c4 O-O 12. Rc1 Nd7 13. O-O f6 14. Qb3 b6 15. cxd5 exd5 16. Bf3 Kh8 17.
Rc3 a5 18. Rfc1 a4 19. Qa3 c5 20. Nf1 Qe6 {Weiss steht etwas besser, Komodo
+1,00} 21. Ng3 Rfe8 22. dxc5 bxc5 23. Rd1 Be4 24. Nxe4 dxe4 25. Be2 Ra5 26.
Rc2 {besser ist b4} Rb8 27. Rcd2 Ra7 28. Rd6 Qe7 29. b3 {klar schwächer als
La6, Komodo +0,70 für Weiss} h6 30. bxa4 Rb4? {ein Verlustzug, danach ist
die Partie praktisch schon verloren für Schwarz, Komodo +2,30 mit der
Fortsetzung Dc1, deutlich besser ist c4 mit ca. +0,70 für Weiss} 31. a5?
{auch nicht gerade das Gelbe vom Ei, Magellan verwirft leider im letzten
Moment den klaren Gewinnzug Dc1 auch mit etwas Pech, er bewertet Dc1 mit
+1,1, ebenso wie den Textzug, die Differenz ist irgendwo im
Nachkommabereich, gehört aber eber leider auch dazu, Komodo +1,40 für
Weiss} Ne5 32. Rd8+? {ein ganz schwacher Zug, dieses Schachgebot ist völlig
sinnlos und halbiert den weissen Vorteil auf nur noch +0,80, nötig war a6}
Kh7 33. R8d5 Qc7? {ein schwacher Zug, danach ist Weiss wieder klar im
Vorteil, Komodo +1,60 mit der Fortsetzung a6, deutlich besser ist c4 mit
ca. +0,80 für Weiss} 34. a6 Qb6 {besser ist noch De7, Komodo -2,00} 35. Rd6
Qb8 36. Qc3 Rb2 37. Bh5 Nf7 38. R6d2 Rxd2 39. Qxd2 Ne5 40. Qc2 {klar
schwächer als Dd5, Komodo +1,20} Qa8? {deutlich schwächer als f5, Komodo
-2,30 mit der Fortsetzung Td6} 41. f4? {ein absurder Zug, mit dem Plan die
Qualität für einen Bauern herzugeben mit Sd3, Txd3 ??, bringt den Sieg
ernsthaft in Gefahr, Komodo nur noch +1,00 für Weiss, sofort gewonnen hätte
Td6 (leider verwirft Magellan diesen Zug im letzten Augenblick, da er den
Textzug absurderweise um +0,1 besser bewertet)} Nd3 42. Rxd3 {der absurde
Plan wird tatsächlich durchgeführt, obwohl an dieser Stelle ist es lt.
Komodo noch das Beste.} exd3 43. Qxd3+ Kh8 44. Bf3 Qe8 45. Kf2 Qa4?
{Mephisto Lyon 68020: 0,00 sieht hier ein Remis, ein absoluter Verlustzug,
danach ist die Partie sofort verloren, Komodo +4,00 mit der Fortsetzung
Dd8+} 46. Be2? {doch Magellan verpasst neuerlich den sofortigen Gewinn,
Komodo +1,00 für Weiss} Rd7 47. Qb3 Qa5 48. Kf3 Qc7 49. Bb5 Rd8? {klar
schwächer als Te7, danach ist Schwarz schon auf der Verliererstrasse,
Komodo +2,00 mit der Fortsetzung De6} 50. Qe6 Qb8 51. a4 Qa8+ 52. e4? {weit
schwächer als De4, Komodo -1,20 mit der Fortsetzung Da7, nötig war De4 mit
ca. +2,00 für Weiss} Rd4? {neuerlich ein absoluter Verlustzug von Mephisto
Lyon 68020, Komodo +4,00 mit der Fortsetzung Dc6} 53. Ke3? {schwächer als
Dc6, Weiss steht aber klar auf Gewinn, Komodo +3,00} Rb4? {ein wahrer
Katastrophenzug, um ganze 9 Bauerneinheiten schlechter als Td8, Komodo
-12,00 mit der Fortsetzung De8+} 54. Qd5 Qb8 55. Qxc5? {ein ganz schlechter
Zug, um ganze 4 Bauerneinheiten schlechter als Dd7, trotzdem sollte es zum
Gewinn noch reichen, Komodo +4,00} Rb3+ 56. Bd3? {dieses Endspiel ist für
beide Geräte eine Nummer zu gross, praktisch jeder Zug ist ein gravierender
Fehler, Komodo +2,30 für Weiss, nötig war Ke2 mit ca. +4,00, hier beende
ich vorläufig die weitere Kommentierung} Qd8 57. Qd5 Qb6+ 58. Kf3 Ra3 59.
e5 f5 60. Qc4 Qb8 61. Ke2 g6? {verliert forciert, Komodo -10,00, deutlich
mehr Widerstand bot noch Da8 mit ca. -4,00} 62. Qc6? {um ganze 8
Bauerneinheiten !! schlechter als Dd4, Komodo +2,80 für Weiss} Qb3?
{verliert sofort, Komodo -15,00 mit der Fortsetzung Dc8+, nötig war Dc2+
mit ca. -3,00} 63. Qc8+ Qg8 64. Qxg8+ Kxg8 65. Bb5 Rc3 66. a7 Rc8 67. Bc6
Kf7 68. a8=Q Rxa8 69. Bxa8 Ke6 {Mephisto Lyon 68020: -11,9 ------>
Aufgegeben !!} 1-0
[/pgn]

[pgn]

[Event "Turnier 40 / 120"]
[Site "Wien"]
[Date "2022.06.01"]
[Round "34"]
[White "Mephisto Lyon 68020 - 12 MHZ"]
[Black "Mephisto Magellan - SH7034 - 20 MHZ"]
[Result "1/2-1/2"]
[BlackElo "2231"]
[WhiteElo "2180"]

{Analyse -----> Komodo 13.02.} 1. e4 e5 2. Bc4 Nc6 3. Nc3 {Buchende} Be7
{Buchende} 4. Nf3 {Buchbewertung Mephisto Lyon 68020: +0,42} Nf6
{Buchbewertung Mephisto Magellan: 0,0 / lt. Komodo steht Weiss knapp besser
mit ca. +0,20} 5. d4 exd4 6. Nxd4 Na5 7. Be2 Bb4 8. Bd2 Nc6 9. Nxc6 dxc6
10. e5 Nd5 11. Nxd5 Bxd2+ 12. Qxd2 cxd5 13. O-O-O c6 14. Qf4 O-O 15. Bd3
Be6 16. f3 Re8 17. g4 Qa5 18. a3 b5 19. h4 b4? {ein völlig unverständlicher
Zug, der einfach einen Bauern für nichts verschenkt Schwarz erhält absolut
nichts im Gegenzug, c5 führt zum Remis, nach dem Textzug ist Weiss klar im
Vorteil, Komodo +1,10 mit der Fortsetzung axb4} 20. Qxb4? {klar schwächer
als axb4, Komodo +0,40 für Weiss} Qxb4? {völlig daneben, nach dem
Damentausch hat Weiss einen gesunden Bauern mehr, nötig war Dc7 und Schwarz
hat noch alle Chancen, nach dem Textzug ist Weiss wieder klar im Vorteil,
Komodo +0,80} 21. axb4 Bd7 {besser ist noch Tab8, Schwarz hat absolut
nichts für den geopferten Bauern, Komodo -1,10} 22. Rhe1 a5 23. b5? {dieser
Zug ist zwar nur um 0,30 Bauerneinheiten schlechter, aber trotzdem warum
nicht bxa5, Weiss gibt den Bauern ebenso unverständlich wieder retour,
Komodo +0,70 für Weiss} cxb5 24. Bf1 Bc6 25. Re3 Kf8 26. f4 Rac8 27. g5 b4
28. Red3 Ba8 29. Rd4 h6 30. gxh6 gxh6 31. Bg2 Rc4 32. Bh3 Kg7? {ein
schlechter Zug, danach ist Weiss im Vorteil, Komodo +0,90 mit der
Fortsetzung Txc4, nach Txd4 wäre die Stellung exakt im Lot.} 33. Rxc4 dxc4
34. Rd7 Bf3 35. Kd2? {ein schwacher Zug, Komodo -0,20 mit der Fortsetzung
a4, nötig war c3 mit klarem Vorteil für Weiss} Bc6? {aber es ist wieder
einmal ein schwieriges Endspiel, wieder ein ganz schlechter Zug, danach ist
Weiss wieder ganz klar im Vorteil, Komodo +1,40 mit der Fortsetzung Td6}
36. Rd4? {auch nicht das Gelbe vom Ei, Komodo +0,70, hier beende ich
vorläufig die weitere Kommentierung, ein problematisches Endspiel !} Bb5
37. c3 Kg6 38. Bd7 Bxd7 39. Rxd7 {die Stellung ist Remis, Komodo 0,00} Rf8
40. Rb7 bxc3+ 41. Kxc3 Kf5 42. Rb6 Kxf4 43. Rxh6 Rb8 44. Ra6 Rb5 45. h5
Kxe5 46. Kxc4 Rxb2 47. Rxa5+ Ke4 48. Ra7 Rc2+ 49. Kb3 Rh2 50. Rxf7 Rxh5
1/2-1/2
[/pgn]

[pgn]

[Event "Turnier 40 / 120"]
[Site "Wien"]
[Date "2022.06.02"]
[Round "35"]
[White "Mephisto Magellan SH7034 - 20 MHZ"]
[Black "Mephisto Lyon 68020 - 12 MHZ"]
[Result "0-1"]
[BlackElo "2180"]
[WhiteElo "2231"]

{Analyse -----> Komodo 13.02.} 1. e4 d6 2. Nf3 Nf6 3. Nc3 {Buchende} c6 4.
d4 {Buchbewertung Mephisto Magellan: +0,3} Bg4 {Buchende} 5. Bg5 Qb6
{Buchbewertung Mephisto Lyon 68020: +0,12 / lt. Komodo steht Weiss besser
mit ca. +0,70} 6. Qd2 Bxf3 7. gxf3 Nbd7 8. O-O-O e6 {nach mehrerer
kleineren Ungenauigkeiten steht Weiss bereits klar besser, Komodo +1,30 mit
der Fortsetzung d5} 9. Rg1 {klar schwächer als d5, Komodo +0,80 für Weiss}
d5 10. Na4 {deutlich schwächer als h3, nach dem Textzug ist die Stellung
ist die Stellung wieder im Lot} Bb4 {auch nicht gerade das Gelbe vom Ei,
deutlich besser ist Db4, Komodo +0,80 für Weiss} 11. Nxb6 Bxd2+ 12. Rxd2
{klar schwächer als Lxd2, nach dem Textzug ist die Stellung wieder im Lot}
axb6 13. e5 Nh5 14. a3 b5 15. Rd1 Ra4 16. c3 O-O {besser ist h6, Komodo
+0,70 für Weiss} 17. Be2 {besser ist Lh6, nach dem Textzug ist die Stellung
wieder im Lot} f6 18. exf6 Nhxf6 19. Rde1 Kf7 20. Bd3 g6 21. Re2 Raa8 22.
Rge1 Rfe8 23. h3 Nb6 24. Kb1 Nc4 25. Ka2 Nh5 26. Bc1 Ng7 27. b3 Nd6 28. Kb2
Ra7 29. Re5 Ndf5 30. Kc2 Nh4 31. Be2 Nh5 32. Rg1 Nf6 33. Reg5 Rea8 34. Kd3?
{dieser Zug verliert bereits die Partie, Komodo -1,70, nötig war Te1, der
dadurch möglich gewordene Gewinnzug Txa3 !!! ist aber eine harte Nuss und
kann eigentlich von einem Oldie nicht verlangt werden} b6? {war klar, aber
hier kein Vorwurf an Mephisto Lyon 68020, Txa3 ist nicht machbar, Komodo
+0,80 für Schwarz} 35. Kd2? {der nächste ganz schwache Zug, der König
gehört nach c2, Komodo +1,50 mit der Fortsetzung c5} Rf8? {aber es ist für
beide Geräte eine sehr schwierige Stellung, nach dem Textzug ist Schwarz
noch mit ca. +0,60 im Vorteil, hier sehe ich von einer weiteren
Kommentierung vorläufig ab.} 36. Kc2 Re8 37. Re1 Rea8 38. Rg3 Rc7 39. Bd3
Rd7 40. Re2 Re7 41. Kd1 Rea7 42. Re1 {hier wäre wieder Txa3 die stärkste
Fortsetzung, mit ca. +0,70 für Schwarz, ok ich nehme es zur Kenntnis, aber
ist natürlich neuerlich nicht machbar.} Ra5 43. Ke2 Re8 44. f4 Rf8 45. Rgg1
Ne4 46. Bxe4? {ein schwacher Zug, danach ist Schwarz klar im Vorteil,
Komodo +1,30, deutlich besser ist Lb2 (das hätte auch Mephisto Lyon 68020
erwartet)} dxe4 47. Rg3 Nf3 48. Rd1 Kf6 49. Ke3 {die Stellung ist bereits
klar verloren für Weiss, Komodo -1,80} Kf5 50. Bb2 {Mephisto Magellan sieht
es ganz anders: +0,1} Ra7 {Mephisto Lyon 68020: +0,48} 51. Rg4 {etwas
besser ist noch h4, Komodo +2,10 mit der Fortsetzung c5} Rd8 52. Rh1
{deutlich mehr Widerstand leistet noch Tdg1, Komodo -3,00 mit der
Fortsetzung c5} c5 53. Rb1 Rc7 54. Ba1 cxd4+ 55. cxd4 Rc2 56. Rg3 Rdc8 57.
Bb2 h6! {Mephisto Lyon 68020 macht alles richtig in diesem Endspiel, da
lässt er nichts mehr anbrennen, Komodo +5,30} 58. Rxf3 exf3 {Rest
geschenkt} 0-1
[/pgn]

[pgn]

[Event "Turnier 40 / 120"]
[Site "Wien"]
[Date "2022.06.03"]
[Round "36"]
[White "Mephisto Lyon 68020 - 12 MHZ"]
[Black "Mephisto Magellan SH7034 - 20 MHZ"]
[Result "1/2-1/2"]
[BlackElo "2231"]
[WhiteElo "2180"]

{Analyse ------> Komodo 13.02.} 1. e4 Nf6 2. e5 Nd5 3. c4 Nb6 4. d4 d6 5.
exd6 exd6 {Buchende} 6. h3 {Buchende} Be7 {Buchbewertung Mephisto Magellan:
0,0} 7. Bd3 {Buchbewertung Mephisto Lyon 68020: +0,03 / lt. Komodo steht
Weiss etwas besser mit ca. +0,40} Nc6 8. Nf3 O-O 9. O-O Nb4 10. Nc3 Nxd3
11. Qxd3 c6 12. Bf4 d5 13. c5 Nd7 14. Rfe1 Re8 15. Bg5 f6 16. Bf4 b5 17. a4
b4 18. Ne2 a5 19. Ng3 g6? {ein schwacher Zug, Komodo +1,20 mit der
Fortsetzung Te3, deutlich besser ist Sf8} 20. Qe3? {auch nicht gerade das
Gelbe vom Ei, damit ist der gesamte Vorteil dahin, Komodo 0,00} Nf8 21. Bd6
Ne6 22. Bxe7 Rxe7 23. Qh6 Ba6 24. Qh4 Qf8 25. Re3 Rae8 26. Rae1 Bc8 27. Nf1
Ng7 {besser ist g5, Komodo +0,50 für Weiss} 28. Qf4 Nf5 {besser ist Le6,
Komodo +1,00 für Weiss mit der Fortsetzung Txe7} 29. Rxe7 Rxe7 30. Rxe7
Qxe7 31. Qb8 Qb7 32. Qh2 {deutlich schwächer als Dxb7, Komodo +0,40 für
Weiss} h5 33. N1d2 {besser ist g4, Komodo 0,00} Kf7? {ein Verlustzug,
danach ist die Partie sofort verloren, Komodo +2,20 mit der Fortsetzung g4,
nötig war g5 und alles ist im Lot} 34. Nb3? {Mephisto Lyon 68020 verpasst
den sofortigen Gewinn, Komodo +0,50 für Weiss} Qa7? {doch es folgt gleich
der nächste Verlustzug, nötig war Dd7, Komodo +1,60 für Weiss mit der
Fortsetzung g4} 35. g4 Ne7? {ein absoluter Verlustzug, danach ist die
Partie sofort verloren, Komodo -3,40 mit der Fortsetzung g5, deutlich mehr
Widerstand leistet hxg4} 36. Qf4 {etwas schwächer als g5, Weiss steht aber
nach wie vor klar auf Gewinn, Komodo +2,50} Kg7 37. g5 Ng8 38. Qd6 Bxh3
{etwas besser ist noch De7, hilft aber auch nichts mehr, Komodo -4,00} 39.
Qxc6? {um 2 Bauerneinheiten !! schlechter als gxf6, Komodo -2,00 mit der
Fortsetzung Dd7} Qd7 40. gxf6+ Nxf6 41. Ne5 Qxc6 {etwas mehr Widerstand
leistet noch Df5, Komodo -3,00} 42. Nxc6 Bd7 43. Nbxa5 b3 44. f4? {deutlich
besser ist Sa7 mit +4,00, aber auch nach dem Textzug steht Weiss noch auf
Gewinn, Komodo +1,80} h4 45. Nb4 {immer noch verdiente Sa7 den Vorzug,
Komodo -1,70} Bxa4 46. c6 Kf7 47. Nxb3 Ke7 {etwas mehr Widerstand leistet
noch Se8, Komodo -2,40} 48. Nc5 Bb5 49. Nb7? {ein Katastrophenzug, der den
Sieg ernsthaft gefährdet, Komodo nur noch +0,30 für Weiss mit der
Fortsetzung Le2, sofort gewonnen hätte natürlich c7} Be2! 50. Kf2 {ganz
geringen Vorteil versprach noch Kh2, nach dem Textzug ist die Partie
bereits Remis, Komodo 0,00} h3! {richtig} 51. Kg3 Bf1 52. Nc5 Kd6 53. Ncd3
Bg2 54. f5 Nh5+ 55. Kh2 gxf5 56. Ne5 Nf4 57. Nf7+ Kc7 58. Nh6 Be4 59. Ng8
Ne6 60. Ne7 Kd6 61. Nc8+ Kc7 62. Ne7 Kd6 63. Nc8+ Kc7 64. Ne7
{Stellungswiederholung} 1/2-1/2
[/pgn]

[pgn]

[Event "Turnier 40 / 120"]
[Site "Wien"]
[Date "2022.06.06"]
[Round "37"]
[White "Mephisto Magellan - SH7034 - 20 MHZ"]
[Black "Mephisto Lyon 68020 - 12 MHZ"]
[Result "1/2-1/2"]
[BlackElo "2180"]
[WhiteElo "2231"]

{Analyse ------> Komodo 13.02.} 1. e4 c6 2. c4 d5 3. cxd5 cxd5 4. exd5 Qxd5
5. d4 e5 6. Nf3 exd4 {Buchende} 7. Qxd4 Qxd4 {Buchbewertung Mephisto Lyon
68020: -0,06} 8. Nxd4 Nf6 9. Bb5+ {Buchbewertung Mephisto Magellan: +0,2 /
lt. Komodo steht Weiss knapp besser mit ca. +0,30} Bd7 10. O-O Bc5 11. Re1+
Kf8 12. Rd1 {etwas besser ist Lxd7, die Stellung ist im Lot} Bg4 {weniger
gut, besser ist Lxd4, Komodo +0,50 für Weiss} 13. f3 Bd7 14. Nc3 Bxb5 15.
Nxb5 Nbd7 16. Bf4 a6? {ein schwacher Zug, danach ist Weiss bereits klar im
Vorteil, Komodo +1,30 mit der Fortsetzung Ld6+, deutlich besser ist Kg8 mit
ca. +0,70 für Weiss} 17. Bd6+ Kg8 18. Bxc5 Nxc5 19. Nd6 Ne8? {besser ist
h6, Komodo +1,60 für Weiss mit der Fortsetzung b4} 20. Rac1? {deutlich
schwächer als b4, Komodo +0,80 für Weiss} Nxd6 21. Rxc5 b5? {ein schwacher
Zug, danach ist die Partie praktisch schon verloren, Komodo +1,60 mit der
Fortsetzung Sc6, deutlich besser war das auch von Magellan erwartete Se8
mit ca. +0,80 für Weiss} 22. Ne6? {deutlich schwächer als Sc6, Komodo +0,90
für Weiss} Ne8 {besser ist fxe6, Komodo -1,20} 23. Nc7 Nxc7 24. Rxc7 h5 25.
Rdd7 Rf8 26. h3? {das ist allerdings ganz schwach und gibt Schwarz die
Möglichkeit seine Stellung zu konsolidieren, nötig war natürlich Tc6, um
den Druck aufrecht zu erhalten, Th6 hätte undbedingt verhindert werden
müssen, nach dem Textzug ist nahezu der gesamte Vorteil von Weiss dahin,
Komodo +0,30} Rh6! {das ist klar, damit ist wieder alles möglich in dieser
Partie} 27. Kf2 {etwas besser ist noch Td5, nach dem Textzug ist jeglicher
Vorteil dahin, Komodo 0,00} Re6 28. a3 Ree8 29. Ra7 Rd8 {besser ist Te6,
Komodo +0,60 für Weiss} 30. Rdb7? {das ist allerdings wieder nicht die
richtige Fortsetzung, Komodo 0,00, besser ist b4} Rd2+ 31. Kg1 Rxb2 32. Kh2
h4 33. a4 b4 34. Rd7 Ra2 35. Rxa6 Rc8 36. Rd4 Rb8 {etwas besser ist b3,
Komodo +0,50 für Weiss mit der Fortsetzung Ta5} 37. Ra5 b3 38. Rxh4 {besser
ist Tb5, die Stellung ist wieder im Lot, Komodo 0,00} Re8 {besser ist f5,
Komodo +0,50 für Weiss} 39. Rb5 {besser ist Tah5, Komodo 0,00} b2 40. Rb7
f6 41. Rhb4 Re2 42. Rg4 Kf8 43. h4 Re7 44. Rgb4 Re2 45. f4 Rxg2+ 46. Kh3
Kg8 47. a5 Rf2 48. Kg3 Rc2 49. Kg4 f5+ 50. Kh5 Rf2 51. R4b6 Rxf4 52. Rxb2
Rxa5 53. Rg2 Kf8 {nach Tg4 ist es sofort Remis, aber auch nach dem Textzug
bleibt es dabei, Komodo 0,00} 54. Rgxg7 Raa4 55. Rgc7 Rxh4+ 56. Kg5 Rhg4+
57. Kf6 Ra8 58. Kxf5 1/2-1/2
[/pgn]

[pgn]

[Event "Turnier 40 / 120"]
[Site "Wien"]
[Date "2022.06.07"]
[Round "38"]
[White "Mephisto Lyon 68020 - 12 MHZ"]
[Black "Mephisto Magellan SH7034 - 20 MHZ"]
[Result "1/2-1/2"]
[BlackElo "2231"]
[WhiteElo "2180"]

{Analyse -----> Komodo 13.02.} 1. c4 Nf6 2. Nc3 e6 3. d4 Bb4 4. e3 c5
{Buchende} 5. Ne2 {Buchende} O-O {Buchbewertung Mephisto Magellan: +0,1} 6.
a3 {Buchbewertung Mephisto Lyon 68020: +0,15 / lt. Komodo steht Weiss etwas
besser mit ca. +0,40} cxd4 7. exd4 Bxc3+ 8. Nxc3 d5 9. c5 b6 10. b4 bxc5
11. bxc5 {besser ist dxc5} Re8 12. Bb5 Bd7 13. O-O Ne4 {die Stellung ist im
Lot, Komodo 0,00} 14. Bxd7 Nxc3 15. Qc2 Nxd7 16. Qxc3 Rc8 17. Qg3 e5 18.
Bb2 Qc7 19. dxe5 Nxc5 20. Rac1 Qb7 21. Bd4 Ne6 22. Ba1? {ein schwacher Zug,
danach ist Schwarz im Vorteil, Komodo +1,00 mit der Fortsetzung Txc1,
besser ist Txc8} Rxc1 23. Rxc1 Rc8 24. Rxc8+ {besser ist Tf1, nach dem
Textzug ist Schwarz bereits klar im Vorteil, Komodo +1,30} Qxc8 25. Qc3
Qxc3? {ein ganz schlechter Zug, damit verschenkt Schwarz den Sieg, Komodo
nur noch +0,20, nach Dd8 ! wäre Schwarz bereits entscheidend mit ca. +1,60
im Vorteil gewesen.} 26. Bxc3 d4 27. Bd2 h6? {ein schlechter Zug, danach
ist Weiss bereits klar im Vorteil, Komodo +1,00 für Weiss mit der
Fortsetzung f4, nötig war g5 mit Ausgleich} 28. f4! Kh7? {immer noch
verdiente g5 den Vorzug} 29. f5? {auch nicht gerade das Gelbe vom Ei,
danach steht Weiss nur nach knapp besser mit ca. +0,40, deutlich besser ist
Kf2} Nd8 30. Bb4 g6 31. f6 {etwas besser ist Lc5, nach dem Textzug ist die
Stellung wieder im Lot, Komodo 0,00} g5 32. Bc5 Kg6? {ein absurder Zug,
danach ist die Partie natürlich sofort verloren, ermöglicht Weiss einen
weit entfernten Freibauern auf der A-Linie, also das ist ja nicht zu
glauben, geradezu erbärmlich !!!, der Fairness halber sei dazu gesagt, auch
Mephisto Lyon 68020 hat diesen Schwachsinn erwartet, Komodo -1,90, noch
dazu erwartet Mephisto Magellan Lxa7 und bewertet das noch mit +0,1,
unfassbar !!!!} 33. Bxd4? {aber leider auch eine absurde Antwort von
Mephisto Lyon 68020, der aus ebenso völlig unverständlichen Gründen auf
diesen Freibauern verzichtet, dieser Zug stellt die Partie auf den Kopf,
danach ist sogar Schwarz wieder etwas im Voteil mit ca. +0,70, also das ist
mein letzter Kommentar zu dieser Partie, das verdient sich keinen weiteren,
hier warte ich das Endergebnis ab und lasse den Rest für sich sprechen, ein
unglaublich schwaches Endspiel beider Geräte !!!!} Nc6 34. Bc5 Kf5 35. g4+
Kxe5 36. Kg2 Kxf6 37. Kg3 Kg6 38. h4 f5 39. h5+ Kf6 40. Bf8 fxg4 41. Bxh6
Kf5 42. Bg7 Ne7 43. Bd4 a6 44. Bb6 Nd5 45. Bd8 Nc3 46. Kf2 Ne4+ 47. Kg2 Ke6
48. h6 Kf7 49. Be7 Kg6 50. Bf8 Nf6 51. Kg3 Ng8 52. Kxg4 Nxh6+ {trotz des
Mehrbauern für Schwarz ist die Stellung Remis, Komodo 0,00 im 50. HZ} 53.
Kf3 Ng8 54. Bc5 Kf5 55. Kg3 Nf6 56. Bb4 g4 57. Kg2 Nd5 58. Bc5 Nc3 59. Be3
Nb5 60. a4 Nc3 61. a5 Ne4 62. Bd4 Kf4 63. Bb6 Kg5 64. Bd8+ Kh6 65. Be7 Kg6
66. Bb4 Kg7 67. Kf1 Kh6 68. Ke2 Kh5 69. Kd3 Ng5 70. Be1 Nf3 71. Bg3 Kg5 72.
Ke3 Kf5 73. Bc7 Ng5 74. Bd6 Nf7 75. Bc7 Ne5 {naja es ist nicht mehr zu
gewinnen, Komodo 0,00 / allerdings haben die beiden Kontrahenten davon
natürlich keine Ahnung und bewerten die Stellung ähnlich mit ca. +1,30 für
Schwarz, eigentlich könnte man es hier schon Remis geben, allerdings bei
unseren Odies weiss man ja nicht so genau, ich spiele noch etwas weiter,
wird aber wohl nichts mehr ändern am Remis.} 76. Kf2 Nd3+ 77. Kg2 Nc5 78.
Kf2 Na4 79. Ke3 {naja es führt zu nichts mehr, nach längerem überlegen und
entsprechender Abwägung, Userentscheid: Remis} 1/2-1/2
[/pgn]

[pgn]